000 00341 a2200145 4500
001 157569
040 _cEscola São Tomás de Aquino
100 _aBANDEIRA, Pedro
240 1 0 _aPor enquanto eu sou pequeno
_lpor
245 1 0 _aPor enquanto eu sou pequeno
300 _a40
362 0 _a2009
697 _a*LITERATURA INFANTO
942 _cBK
999 _c157569
_d157569